Regionalizmus v pracovnom práve : [vedecká monografia] /
Uložené v:
| Hlavný autor: | |
|---|---|
| Médium: | Kniha |
| Jazyk: | Slovak |
| Vydané: |
Košice :
Univerzita Pavla Jozefa Šafárika,
2014.
|
| Vydanie: | 1. vyd. |
| Témy: | |
| ISBN: |
9788081521867 (brož.) |
| Fyzický popis: |
205 s. : tab. ; 24 cm. |
| Tagy: |
Pridať tag
Žiadne tagy, Buďte prvý kto otaguje tento záznam!
|
Titul je dostupný aj v ... 

MARC
| LEADER | 00000nam a2200000 a 4500 | ||
|---|---|---|---|
| 001 | 000465607 | ||
| 005 | 20151005140331.0 | ||
| 008 | 150314s2014 xo l e 000 0 slo d | ||
| 020 | |a 9788081521867 (brož.) | ||
| 040 | |a SVKKK |b slo |c SVKKK |e AACR2 | ||
| 041 | 0 | |a slo |b eng | |
| 044 | |a xo |c SK | ||
| 072 | 7 | |a 349 |x Pracovné, sociálne, stavebné právo. Právo životného prostredia |2 konspekt | |
| 080 | |a 349.2 |2 2001 | ||
| 080 | |a 323.174 |2 2001 | ||
| 080 | |a (048.8) |2 2001 | ||
| 100 | 1 | |a Barinková, Milena | |
| 245 | 1 | 0 | |a Regionalizmus v pracovnom práve : |b [vedecká monografia] / |c Milena Barinková a kol. |
| 250 | |a 1. vyd. | ||
| 260 | |a Košice : |b Univerzita Pavla Jozefa Šafárika, |c 2014. | ||
| 300 | |a 205 s. : |b tab. ; |c 24 cm. | ||
| 366 | |e 110 výtl. | ||
| 500 | |a Biograf. údaje o aut. | ||
| 504 | |a Bibliografia: s.193-202; register: s. 204-205 | ||
| 546 | |a Resumé angl. | ||
| 650 | 0 | 7 | |a pracovné právo |2 SVKKKPH |
| 650 | 0 | 7 | |a regionalizmus |2 SVKKKPH |
| 655 | 7 | |a monografie |2 SVKKKPH | |
| 910 | |a svkkk | ||
| 919 | |a 978-80-8152-186-7 | ||
| 998 | |a BK | ||
| 090 | |g SCKHL |k Sklad Hlavná 10 prízemie |a IV.223943 |j 1064413 |i 2720333479 |s Absenčne | ||
| 090 | |g SCKHL |k Sklad Hlavná 10 prízemie |a IV.223944 |j 1064414 |i 2720333480 |s Absenčne | ||